All 10k+ Cities in Mozambique - Statistics

General Stats
  • This quiz has been taken 27 times
  • The average score is 20 of 74
Answers on the Map
Answers color-coded by a green-red scale on the quiz's map according to % correct below.
 
Answer Stats
Province Population Answer % Correct
Maputo Cidade 1,094,628 Maputo
100%
Maputo 671,556 Matola
71%
Sofala 431,583 Beira
64%
Inhambane 65,149 Inhambane
64%
Nampula 471,717 Nampula
57%
Tete 155,870 Tete
57%
Gaza 115,752 Xai-Xai
57%
Manica 237,497 Chimoio
50%
Nampula 89,998 Angoche
43%
Niassa 142,331 Lichinga
43%
Manica 36,124 Manica
43%
Cabo Delgado 138,716 Pemba
43%
Zambézia 193,343 Quelimane
43%
Maputo 23,524 Boane
36%
Gaza 53,062 Chókwè
36%
Niassa 79,013 Cuamba
36%
Zambézia 145,466 Gurué
36%
Nampula 48,063 Moçambique
36%
Cabo Delgado 39,010 Mocímboa da Praia
36%
Zambézia 168,736 Mocuba
36%
Cabo Delgado 76,139 Montepuez
36%
Cabo Delgado 23,480 Mueda
36%
Nampula 206,449 Nacala Porto
36%
Inhambane 37,176 Vilankulo
36%
Zambézia 42,200 Alto Molócuè
29%
Gaza 63,184 Chibuto
29%
Sofala 70,817 Dondo
29%
Manica 33,877 Gondola
29%
Nampula 25,557 Macone
29%
Inhambane 108,824 Maxixe
29%
Zambézia 30,257 Milange
29%
Nampula 16,791 Murrupula
29%
Maputo 12,725 Namaacha
29%
Nampula 45,160 Nametil
29%
Zambézia 14,779 Pebane
29%
Nampula 26,035 Ribáuè
29%
Sofala 18,233 Caia
21%
Cabo Delgado 32,603 Chiúre
21%
Manica 13,742 Machipanda
21%
Maputo 10,692 Magude
21%
Nampula 20,277 Malema
21%
Maputo 56,165 Manhiça
21%
Nampula 43,160 Monapo
21%
Zambézia 20,727 Morrumbala
21%
Nampula 20,730 Mossuril
21%
Nampula 15,691 Nacala-a-Velha
21%
Nampula 32,048 Namialo
21%
Inhambane 10,391 Quissico
21%
Sofala 18,761 Gorongosa
14%
Inhambane 11,297 Inhassoro
14%
Gaza 27,795 Macia
14%
Cabo Delgado 19,997 Macomia
14%
Niassa 16,323 Mandimba
14%
Sofala 39,409 Marromeu
14%
Inhambane 20,930 Massinga
14%
Maputo 12,862 Moamba
14%
Tete 38,924 Moatize
14%
Zambézia 19,497 Namacurra
14%
Nampula 22,713 Namapa-Eráti
14%
Sofala 25,902 Nhamatanda
14%
Tete 26,775 Songo
14%
Sofala 14,092 Búzi
7%
Manica 22,271 Catandica
7%
Zambézia 15,116 Chinde
7%
Nampula 17,344 Iapala
7%
Zambézia 15,410 Maganja da Costa
7%
Gaza 10,317 Mandlacaze
7%
Maputo 11,236 Marracuene
7%
Manica 13,695 Messica
7%
Niassa 12,772 Metangula
7%
Inhambane 10,789 Morrumbene
7%
Nampula 28,342 Mutuáli
7%
Tete 13,620 Ulongué
7%
Gaza 20,440 Xilembene
7%
No matching quizzes found
Score Distribution
Percent of People with Each Score
Percentile by Number Answered
Your Score History
You have not taken this quiz